Erkölcsi esettanulmányok
Elmentve itt :
| Szerző: | |
|---|---|
| További közreműködők: | |
| Adatforrás: | Philobibl |
| Dokumentumtípus: | Könyv |
| Nyelv: | magyar |
| Kulcsszavak: | etika |
| Megjelent: |
Budapest
Alternatív Közgazdasági Gimnázium
1999
|
| Sorozat: | Ember és társadalom
|
| LEADER | 00464nam a2200157 c 4500 | ||
|---|---|---|---|
| 001 | bibPHI0041722 | ||
| 005 | 20200924124608.3 | ||
| 008 | 990628s1999 hu 00010 hun | ||
| 100 | 1 | |a Lányi András | |
| 245 | 1 | 0 | |a Erkölcsi esettanulmányok |c Lányi András, Jakab György |
| 260 | |a Budapest |b Alternatív Közgazdasági Gimnázium |c 1999 | ||
| 300 | |a 190 p. | ||
| 490 | 1 | |a Ember és társadalom |v 1. | |
| 695 | |a etika | ||
| 700 | 1 | |a Jakab György | |
| 830 | 0 | |a Ember és társadalom | |